000 00348nam a2200133Ia 4500
008 151001s9999||||xx |||||||||||||| ||und||
100 _aव ह पिटके
245 _aयात्रा
250 _a1
260 _bपारख प्रकाशन कर्नाटक
260 _c1988
300 _a106
365 _b21
999 _c977593
_d977590